Music Quiz

Random Music or Animal Quiz
Score 0/20 Timer 06:00
1 Play Today
% Correct
Snoop Dogg
88.3%
Johnny Cash
88.1%
Barbra Streisand
79.1%
Paul McCartney
77.2%
Amy Winehouse
75.8%
'Weird Al' Yankovic
74.2%
Captain & Tennille
51.3%
Missy Elliott
44.4%
Van Morrison
39.4%
Morrissey
38.6%
% Correct
Neil Young & Crazy Horse
37.1%
Bob Dylan & The Band
34.9%
James Taylor
33%
Kate Bush
32.3%
Billie Holiday
29.2%
John Fogerty
28.3%
Lily Allen
26.7%
Sublime
26.6%
Norah Jones
22.3%
Rick Springfield
17.4%
Remove Ads.
Support Sporcle.
Get the best of Sporcle when you Go Orange. This ad-free experience offers more features, more stats, and more fun while also helping to support Sporcle. Thank you for becoming a member.

You're not logged in!

Compare scores with friends on all Sporcle quizzes.
OR
Log In

Sporcle TV

Today on Sporcle TV


Watch our educational content, quiz creation guides, and fun videos on Sporcle TV.

Show Comments

Extras

Top Quizzes Today


Score Distribution

Paid Content

Your Account Isn't Verified!

In order to create a playlist on Sporcle, you need to verify the email address you used during registration. Go to your Sporcle Settings to finish the process.

Report this User

Report this user for behavior that violates our Community Guidelines.

Details: